|
|
|
|
| LEADER |
00000nam a2200000Ia 4500 |
| 008 |
180228b2009 c ||||| |||| 00| | spa d |
| 999 |
|
|
|c 1580
|d 1580
|
| 090 |
|
|
|a 06.02.02
|b 2026
|
| 100 |
1 |
|
|a Redondo Rojo, Jesús M.
|9 1668
|e Editor/a
|
| 245 |
1 |
0 |
|a Juventud y enseñanza media en Chile del bicentenario: antecedentes de la revolución pingüina /
|c Jesús Redondo; Lorena Muñoz, editores
|
| 260 |
|
|
|a Chile :
|b Observatorio Chileno de Políticas Educativas,
|c [2009?]
|
| 300 |
|
|
|a 456 páginas
|
| 650 |
1 |
4 |
|a DERECHO A LA EDUCACIÓN
|9 599
|
| 650 |
1 |
4 |
|a JUVENTUD
|9 476
|
| 650 |
1 |
4 |
|a CALIDAD DE LA EDUCACIÓN
|9 11
|
| 650 |
1 |
4 |
|a CONVIVENCIA ESCOLAR
|9 691
|
| 700 |
1 |
|
|a Muñoz Muñoz, Lorena
|9 3431
|e Editor/a
|
| 942 |
|
|
|i 002485
|h 06.02.02 2026
|2 z
|c 01
|